Devinez la Capitale Mystère #65 - Statistiques

Statistiques générales
  • Ce quiz a été pris 156 fois
  • Le résultat moyen est 32 sur 37
Statistiques - réponses
Type de Réponse Réponse % Correct
Lettre Trouvée A
100%
Lettre Trouvée I
100%
Lettre de l'Alphabet E
99%
Lettre de l'Alphabet R
99%
Lettre Trouvée S
99%
Lettre de l'Alphabet L
97%
Lettre Trouvée N
97%
Lettre Trouvée O
97%
Lettre Bien Placée A
96%
Lettre de l'Alphabet B
96%
Lettre de l'Alphabet P
96%
Lettre Trouvée T
96%
Lettre de l'Alphabet D
95%
Lettre de l'Alphabet M
95%
Lettre de l'Alphabet U
93%
Lettre Trouvée G
92%
Lettre Bien Placée I
91%
Lettre de l'Alphabet C
90%
Lettre Bien Placée N
89%
Lettre Trouvée H
88%
Lettre de l'Alphabet K
88%
Lettre de l'Alphabet V
88%
Lettre Bien Placée S
83%
Lettre Bien Placée G
79%
Lettre de l'Alphabet J
79%
Lettre Bien Placée T
79%
Lettre Trouvée W
79%
Lettre de l'Alphabet X
78%
Lettre de l'Alphabet Y
77%
Lettre Bien Placée O
76%
Lettre Bien Placée N
75%
Lettre de l'Alphabet Z
75%
Lettre de l'Alphabet F
74%
Lettre Bien Placée H
74%
Lettre de l'Alphabet Q
72%
Lettre Bien Placée W
72%
Capitale Mystère Washington
71%
Aucun quiz correspondant
Distribution des résultats
% des personnes avec chaque résultat
Percentile par nombre de réponses
Votre historique - résultats
Vous n’avez pas pris ce quiz